000 00272nam a2200121Ia 4500
008 190216s9999||||xx |||||||||||||| ||und||
100 _aGupta L M
245 0 _aElectronics Made Simple
260 _bDhanpat Rai
_c1985
300 _a223p
650 _aPhysics
942 _cBK
999 _c33108
_d33108